| 000 | 00525nam a2200169 4500 | ||
|---|---|---|---|
| 020 | _a4805302763 | ||
| 040 | _cDLC | ||
| 082 | _a952 TUT 1971 A101 Or. | ||
| 100 | 1 | _aHall, John Whitney, | |
| 245 | 1 | 0 | _aJapan from prehistory to modern times / |
| 260 |
_aTokyo : _bTuttle, _c1971. |
||
| 300 |
_axii, 397 p. : _bill., maps, ports. ; _c19 cm. |
||
| 490 | 0 | _aTut books. H | |
| 500 | _aTranslation from the German of: Das japanische Kaiserreich. | ||
| 500 | _aOn cover, title also in Japanese: Nihon no rekishi. | ||
| 942 | _cEK | ||
| 999 |
_c13161 _d13161 |
||